01219nam a2200217 a 4500008004100000020001800041050001500059110009600074245012500170260009500295300002200390350000900412650002000421650001500441650001200456995013900468995013900607999001700746952011900763952011900882110331s2009 ||||||||||||||||| || u a9788993841039 aG 2330 Nat aNational Geographic Information Institute, Ministry of Land, Transport and Maritime affairs14aThe national atlas of KoreacNational Geographic Information Institute, Ministry of Land, Transport and Maritime affairs aGyeonggi-Do, The Republic of KoreabNational Geographic Information Institute (NGII)c2009 a[vi], 192p.: ill. a0.00 aATLASES, KOREAN aKOREA--MPS aATLASES aREFERENCE BOOKSD0.00e742531FCBU-MAIN LIBRARY (Kitwe)H1I0.00jG 2330 NATM1UREFERENCEWJul 12, 2011y742531ZReference Collection aREFERENCE BOOKSD0.00e742532FCBU-MAIN LIBRARY (Kitwe)H1I0.00jG 2330 NATM2UREFERENCEWJul 12, 2011y742532ZReference Collection c78703d78703 00102lcc4070a001b001cReference Collectiond2023-06-06l0oG 2330 Natp742531r2023-06-06t1w2023-06-06y019 00102lcc4070a001b001cReference Collectiond2023-06-06l0oG 2330 Natp742532r2023-06-06t2w2023-06-06y019